[Event "Sanxenxo Carlos op"]
[Site "Sanxenxo"]
[Date "2009.06.24"]
[Round "5"]
[White "Alvarez de Ron Cruz, Dan"]
[Black "Adrian, Claude"]
[Result "1/2-1/2"]
[WhiteElo "2260"]
[BlackElo "2292"]
[PlyCount "140"]
[EventDate "2009.06.20"]
[EventType "swiss"]
[EventRounds "9"]
[EventCountry "ESP"]
[SourceTitle "CBM 131 Extra"]
[Source "ChessBase"]
[SourceDate "2009.09.03"]
[SourceVersion "2"]
[SourceVersionDate "2009.09.16"]
[SourceQuality "1"]

1. g3 c5 2. Nf3 b6 3. Bg2 Bb7 4. 0-0 Nf6 5. c3 e6 6. d3 d5 7. a3 Be7 8. b4 Nbd7 9. Nbd2 0-0 10. Rb1 Qc7 11. Bb2 Rfd8 12. c4 Rab8 13. cxd5 exd5 14. Qb3 Ng4 15. Rfc1 Bf6 16. h3 Bxb2 17. Qxb2 Ngf6 18. Nd4 Qd6 19. Nf5 Qe6 20. g4 h5 21. bxc5 bxc5 22. Bf3 hxg4 23. Bxg4 Kf8 24. Nxg7 Qe5 25. Qxe5 Nxe5 26. Nf5 c4 27. dxc4 dxc4 28. Nxc4 Nexg4 29. hxg4 Nxg4 30. Ncd6 Bd5 31. Rxb8 Rxb8 32. e4 Be6 33. Rc7 Rb1+ 34. Kg2 Rb2 35. Rxa7 Kg8 36. Kf3 Nxf2 37. Nh6+ Kg7 38. Nhxf7 Bxf7 39. Nxf7 Kf6 40. e5+ Ke6 41. a4 Nd3 42. Ke4 Nxe5 43. Nd8+ Kd6 44. Nb7+ Ke6 45. Ra6+ Ke7 46. Nc5 Nc4 47. Kd5 Nb6+ 48. Kc6 Nxa4 49. Rxa4 Rd2 50. Re4+ Kf6 51. Re3 Kf5 52. Nd3 Ra2 53. Re5+ Kf6 54. Re3 Kf5 55. Kd5 Ra5+ 56. Nc5 Kf4 57. Re8 Ra1 58. Nb3 Ra4 59. Re7 Ra8 60. Re4+ Kg5 61. Nc5 Ra5 62. Rc4 Kf5 63. Rb4 Kf6 64. Rf4+ Kg5 65. Rf1 Kg4 66. Kd4 Ra8 67. Ke3 Kg5 68. Ne4+ Kg6 69. Rf6+ Kg7 70. Kf4 Rf8 1/2-1/2